| 000 | 01495nam a22004097a 4500 | ||
|---|---|---|---|
| 003 | CHAP | ||
| 005 | 20220329141217.0 | ||
| 008 | 971010s1978 r 00010 d | ||
| 010 | _a64432 | ||
| 011 | _a65404 | ||
| 035 | _a72126 | ||
| 040 | _cCHAP | ||
| 090 | _aFolleto 6744 | ||
| 100 | 0 | 0 |
_aMartínez García, Pedro Florián. _972070 |
| 245 | 1 | _aCaracterísticas climáticas de los invernaderos de plástico | |
| 260 |
_aMadrid : _bINIA, _c1978 |
||
| 300 | _a43 p. | ||
| 490 |
_aHoja técnica INIA _v; 19 |
||
| 590 |
_aBATCH-UPD _b10 _c20130110 _lUCH01 _h0159 |
||
| 590 |
_aBATCH-UPD _b10 _c20130110 _lUCH01 _h1632 |
||
| 590 |
_aBATCH-UPD _b10 _c20130409 _lUCH01 _h2205 |
||
| 590 |
_aBATCH-UPD _b10 _c20130410 _lUCH01 _h1024 |
||
| 590 |
_aBATCH-UPD _b10 _c20130914 _lUCH01 _h1126 |
||
| 590 |
_aCONVERSION _b10 _c20130109 _lUCH01 _h1335 |
||
| 650 | 1 | 4 |
_aCultivos y clima. _930392 |
| 650 | 1 | 4 |
_aInvernaderos. _960172 |
| 650 | 1 | 4 |
_aPlásticos en agricultura. _989199 |
| 710 | 0 |
_aInstituto Nacional de Investigaciones Agronómicas. Madrid. _959317 |
|
| 830 | 0 |
_aHoja técnica INIA _v; 19 _955856 |
|
| 901 | _aBK | ||
| 942 | _cFOLL | ||
| 949 |
_aFolleto 6744 _bBC _cFOLL _d-146465 _eTS1 _i72126 _si _t25.00 |
||
| 949 |
_aFolleto 6744 _bBC _cFOLL _d-146466 _eTS2 _fc.2 _i72126 _si _t25.00 |
||
| 949 |
_aFolleto 6744 _bBC _cFOLL _d-146467 _eTS2 _fc.3 _i72126 _si _t25.00 |
||
| 949 |
_aFolleto 6744 _bBC _cFOLL _d-146468 _eTS2 _fc.4 _i72126 _si _t25.00 |
||
| 949 |
_aFolleto 6744 _bBC _cFOLL _d-146469 _eTS2 _fc.5 _i72126 _si _t25.00 |
||
| 999 |
_c64432 _d64432 |
||